| 000 | 01051nim a2200289 i 4500 | ||
|---|---|---|---|
| 001 | bg | ||
| 245 | 0 | 0 |
_aLangenscheidt praktischer Sprachlehrgang Polnisch. _bHör- und Sprechtraining. _nCD 1-2. _h[Dokument elektroniczny] : |
| 260 |
_aBerlin ; _aMünchen : _bLangenscheidt, _ccop. 2006. |
||
| 300 |
_a2 dyski optyczne (CD-ROM) : _bdźw. ; _c12 cm + _eBegleitheft. |
||
| 500 | _aTyt. z etykiety na dysku. | ||
| 500 | _aPojemnik : 13x15x1 cm. | ||
| 500 | _aStanowi całość z podręcznikiem : Langenscheidt - Praktisches Lehrbuch Polnisch. | ||
| 500 | _aTyt. z etykiety na dysku. | ||
| 500 | _aPojemnik : 13x15x1 cm. | ||
| 500 | _aŁączny czas nagrania : 100 minut. | ||
| 500 | _aŁączny czas nagrania : 140 minut. | ||
| 505 | 0 | _aCD 1 : Lektion 1-10 ; CD 2 : Lektion 11-20. | |
| 650 | 9 |
_aJęzyk polski _xwymowa |
|
| 655 | _aDokumenty elektroniczne | ||
| 655 | _aPodręczniki | ||
| 040 | _cBPK | ||
| 041 | 0 | _apol | |
| 044 | _aGER | ||
| 080 | _a811.162.1'355(07)(0.034.44) | ||
| 942 | _cCD | ||
| 008 | s pl f |000 0 pol | ||
| 999 |
_c41174 _d41174 |
||